000 00275nam a22001217a 4500
008 170421b xxu||||| |||| 00| 0 eng d
041 _aeng
080 _a573
100 _a11
101 _aSHM
245 _aBIOLOGY THE UNITY DIVERISTY LIFE
_cSTARR.C
942 _2udc
_cBK
999 _c11394
_d11394